000 00387pab a2200145 454500
008 180718b1996 xxu||||| |||| 00| 0 eng d
100 _aWaqif, Arif A.
245 _aPerspectives on sustainable employment generation through industrialization
260 _c1996
300 _ap.17-29
362 _aMar
650 _aEmployment
773 _aASCI Journal of Management
909 _a34744
999 _c34744
_d34744